000 01111nam a2200217 a 4500
001 000869767
003 AM-YeHGA
005 20250617145205.0
008 120224s1974 ru r 000 0 rus d
040 _aAM-YeHGA
041 0 _arus
100 1 _aАверина, Зинаида Васильевна
245 1 0 _aЛекарственные растения Ульяновской области /
_cЗ.В. Аверина, П.И. Токарский; Исполком Ульянов. обл. Сов. депутат. трудящихся; Обл. аптекоуправление.
260 _aУльяновск :
_bПриволж. кн. изд-во. Ульян. отд-ние,
_c1974.
300 _a148 с. :
_bил. ;
_c20 см.
650 1 4 _aЛекарственные растения
_zУльяновская область
700 1 _aТокарский, Петр Иванович
710 2 _aИсполком Ульяновского областного Совета депутатов трудящихся
710 2 _aОбластное аптекоуправление
090 _c309380
999 _c307671
_d307671